| 000 | 00627nam a2200205 a 4500 | ||
|---|---|---|---|
| 001 | 000019378 | ||
| 005 | 20200929170012.0 | ||
| 008 | 100628s2006 es ac 001 0 spa d | ||
| 020 | _a8466213775 | ||
| 040 |
_aDO-SdBNP _bspa _cBNPHU |
||
| 082 |
_a750 _bO131m |
||
| 245 | 0 | 0 | _a1000 obras maestras de la pintura /. |
| 246 | 1 | 3 | _aMil obras maestras de la pintura / |
| 260 |
_aMadrid : _bLibsa, _c2006. |
||
| 300 |
_a672 p. : _bil., retrs. ; _c14 cm. |
||
| 650 | 4 |
_aPintura _ySIGLO X-Xlll _xHistoria _941629 |
|
| 650 | 4 |
_aPintores _ySIGLO XlV-XX _xHistoria y crítica _941630 |
|
| 650 | 4 |
_aPintores _xTécnica _941631 |
|
| 049 | _aBNPD | ||
| 999 |
_c18895 _d18895 |
||